000 00255nam a2200097Ia 4500
001 1121542
005 20250827004645.0
008 250824s9999 xx 000 0 und d
245 0 _aOSMANLIDA HOCA NÜFUZU
_cAHMET REFİK ALTINAY
260 _bPANAMA YAYINLARI
999 _c1121542
_d1121542